00846nam a2200277 a 450000100060000000300090000600500170001500600090003200800410004101500120008201700510009402000180014503500210016304000280018408000110021208200160022310000360023924500740027526000260034930000160037549000330039149000330042450400320045765000370048965000420052626042CO-ViMGA20230915232144.0a4648674141112s2004 ck r 000 u spa d aMON1001 aM 30516 - 2009 Oficina Depósito Legal Madrid a9788473566230 a(OCoLC)733820781 aCO-ViMGAbspacCO-ViMGA a331.4504a363.11 V42p1 aVicente Pérez, Ángel Javier10aPrevención de riesgos laborales / cAüngel Javier Vicente Pérez aMadrid ESIC D.L. 2009 a54 p. 29 cm aCuadernos de documentación aCuadernos de documentación aBibliografía : p. 53 - 5414aRiesgos laborales - Prevención14aSeguridad industrial - Legislación